000 00623nam a2200241Ia 4500
003 OSt
005 20221005114128.0
006 a|||||r|||| 00| 0
007 ta
008 221004b |||||||| |||| 00| 0 eng d
024 _a69895
037 _cTextual
040 _aCRL
_cCRL
_beng
041 _2eng
_aeng
082 _aY1:5sn2:M8, K4.2,1C
110 _aCensus of India 1961
245 0 _aAndhra Pradesh
_b Subsidiary tables. V2, Pt. I-C
260 _c1964
650 _aSOCIOLOGY
700 _aCensus of India 1961
942 _hY1:5sn2:M8, K4.2,1C
_cTEXL
_2cc
999 _c1030323
_d1030323